000 00731nam a22002177a 4500
999 _c4977
_d4977
003 AR-CdUCM
008 190311b ||||| |||| 00| 0 spa d
040 _aMUNICIPALIDAD PROVINCIAL DEL CUSCO
_cBIBLIOTECA MUNICIPAL DEL CUSCO
082 _a869.44 /
_bZ31
100 _aZamudio, Adela
_915244
245 _aPeregrinando (poesías) /
_cAdela Zamudio
260 _aCochabamba :
_bCanelas,
_c1965.
300 _a191 páginas ;
_bfotografías ;
_c20 cm.
500 _aDonación de la familia Nieto.
650 _aPoesía - Bolivia - Siglo XX
_915245
650 _aPoetisas bolivianas
_915246
650 _aAdela Zamudio - Poemas
_915247
700 _aReynold, Gregorio (Prólogo)
_915248
942 _2ddc
_cLIBROS
945 _alccs